| 000 | 00633nam a2200205 a 4500 | ||
|---|---|---|---|
| 001 | BRCA_5969 | ||
| 005 | 20190320205300.0 | ||
| 008 | 250311s1961----ne-a######---#000-0#eng-# | ||
| 041 | _aeng | ||
| 044 | _ane | ||
| 050 | 4 |
_aNK7154 _b.F74 1961 |
|
| 100 | 1 |
_aFrederiks, Johan Willem _915072 |
|
| 245 | 1 | 0 |
_aDutch silver _bembossed ecclesiastical and secular plate from the Renaissance until the end of the eighteenth century _cJ. W. Frederiks. |
| 260 |
_aLa Haya _bN. Nijhoff _c1961 |
||
| 300 |
_axxxvi, 179 p. _bil., 334 láminas _c33 cm. |
||
| 500 | _aG91 | ||
| 650 | 1 | 4 |
_aPlatería holandesa _915073 |
| 902 | _aGFM | ||
| 942 |
_2lcc _cB |
||
| 999 |
_c5658 _d5658 |
||